| 000 | 00689nac a22001931u 4500 | ||
|---|---|---|---|
| 008 | 100914t2004 xxu||||| |||| 001 0 eng d | ||
| 020 | _a0131911406 (pbk.) | ||
| 082 |
_a628.1 _bHAM |
||
| 100 |
_aHammer, Mark J. _919048 |
||
| 245 |
_aWater and Wastewater Technology / _cMark J. Hammer |
||
| 250 | _a5th ed. | ||
| 260 |
_aUpper Saddle River, N.J. : _bPrentice Hall/Pearson Education International,2004 _c2004. |
||
| 300 |
_avii, 540 p. : _bill. ; _c26 cm. |
||
| 504 | _aIncludes bibliographical references and index. | ||
| 650 |
_aWater-supply engineering. _919049 |
||
| 650 |
_aSewage disposal. _919050 |
||
| 700 |
_aHammer, Mark J., _d1957- _919051 |
||
| 942 |
_cBB _k628.1HAM _2ddc |
||
| 999 |
_c995 _d995 |
||